00734cam a22002413a 45000010005000000030006000050050017000110080041000280400015000690420007000840500007000910500007000981000028001052450135001332600029002685000023002975060030003205160020003506530022003706530031003928300028004238560041004512477PGUSA20140828083015.0010101s2001||||xxu|||||s|||||000 1 eng d aPGUSAbeng adc 4aPZ 4aPS1 aDarlington, Edgar B. P.14aThe Circus Boys on the Mississippi; Or, Afloat with the Big Show on the Big Riverh[electronic resource] /cEdgar B. P. Darlington bProject Gutenberg,c2001 aCircus boys series aPublic domain in the USA. aElectronic text aAdventure stories aCircus -- Juvenile fiction 0aProject Gutenbergv247740uhttp://www.gutenberg.org/ebooks/2477